Сборы (Запись № 12692529)

Подробности
000 -МАРКЕР
контрольное поле 02107nam0a2200409 4500
001 - ИДЕНТИФИКАТОР ЗАПИСИ
контрольное поле RU\NLR\BIBL_A\016206170
005 - ИДЕНТИФИКАТОР ВЕРСИИ
контрольное поле 20221124121913.0
010 ## - МЕЖДУНАРОДНЫЙ СТАНДАРТНЫЙ НОМЕР КНИГИ (ISBN)
Номер (ISBN) 978-5-00204-406-1
Тираж 300
021 ## - НОМЕР ГОСУДАРСТВЕННОЙ РЕГИСТРАЦИИ
Код страны Российская Федерация
Номер АЛ-П-22-00808и
Номер Листа государственной регистраци АЛ-П-22-0158
035 ## - ДРУГИЕ СИСТЕМНЫЕ НОМЕРА
Идентификатор записи (NLR Aleph) 016206170
035 ## - ДРУГИЕ СИСТЕМНЫЕ НОМЕРА
Идентификатор записи (RuMoRGB)011207079
100 ## - ДАННЫЕ ОБЩЕЙ ОБРАБОТКИ
Данные общей обработки 20221111d2022 u y0rusy50 ca
101 0# - ЯЗЫК РЕСУРСА
Язык текста, звукозаписи и т.д. русский
102 ## - СТРАНА ПУБЛИКАЦИИ ИЛИ ПРОИЗВОДСТВА
Страна публикации Российская Федерация
105 ## - ПОЛЕ КОДИРОВАННЫХ ДАННЫХ: ТЕКСТОВЫЕ МАТЕРИАЛЫ, МОНОГРАФИЧЕСКИЕ
Кодированные данные о монографическом текстовом документе ac t 000ay
181 #0 - ПОЛЕ КОДИРОВАННЫХ ДАННЫХ: ВИД СОДЕРЖАНИЯ
Код вида содержания (ISBD) b3
Код характеристики содержания (ISBD) bb2e
181 #0 - ПОЛЕ КОДИРОВАННЫХ ДАННЫХ: ВИД СОДЕРЖАНИЯ
Код вида содержания (ISBD) i1
Код характеристики содержания (ISBD) axxe
182 #0 - ПОЛЕ КОДИРОВАННЫХ ДАННЫХ: ТИП СРЕДСТВА
Код типа средства (ISBD) n - непосредственное
200 1# - ЗАГЛАВИЕ И СВЕДЕНИЯ ОБ ОТВЕТСТВЕННОСТИ
Основное заглавие Сборы
Сведения, относящиеся к заглавию графический роман
Первые сведения об ответственности Виктория Дроморецкая, Георгий Веролайнен
Последующие сведения об ответственности [художник Виктория Дроморецкая]
203 ## - ВИД СОДЕРЖАНИЯ И ТИП СРЕДСТВА
Вид содержания Изображение
-- Текст
Дополнительные сведения об издании визуальные
Тип средства непосредственные
210 ## - ПУБЛИКАЦИЯ, РАСПРОСТРАНЕНИЕ И ДР.
Место издания, распространения и т.д. Москва
Имя издателя, распространителя и т. д. Перо
Дата издания, распространения и т.д. 2022
215 ## - ФИЗИЧЕСКАЯ ХАРАКТЕРИСТИКА
Специфическое обозначение материала и объем [59] с.
Другие сведения о физической характеристике ил., цв. ил., портр.
Размеры 24
300 ## - ОБЩИЕ ПРИМЕЧАНИЯ
Текст примечания Описано по обл.
330 ## - РЕЗЮМЕ ИЛИ РЕФЕРАТ
Текст примечания Незримый гость наблюдает за сборами семьи во время переезда. Незримый никому, кроме маленькой девочки, с которой гость не сводит глаз. Девочка пытается найти защиту среди членов семьи, но никто не воспринимает ее страх всерьез. И вообще, не собирается забирать ее с собой. Для тех, кто любит истории о призраках, "Сборы" станут настоящим праздником!
333 ## - ПРИМЕЧАНИЯ ОБ ОСОБЕННОСТЯХ РАСПРОСТРАНЕНИЯ И ИСПОЛЬЗОВАНИЯ
Текст примечания 16+
675 ## - УНИВЕРСАЛЬНАЯ ДЕСЯТИЧНАЯ КЛАССИФИКАЦИЯ (UDC/УДК)
Индекс 821.161.1-3
Издание 4
686 0# - ИНДЕКСЫ ДРУГИХ КЛАССИФИКАЦИЙ
Индекс Щ153(2Р=Рус)8-475
686 2# - ИНДЕКСЫ ДРУГИХ КЛАССИФИКАЦИЙ
Индекс Ш6(2=Р)8-499Веролайнен
700 #1 - ИМЯ ЛИЦА - ПЕРВИЧНАЯ ОТВЕТСТВЕННОСТЬ
Начальный элемент ввода Дроморецкая
Часть имени, кроме начального элемента ввода В.
Расширение инициалов личного имени Виктория
701 #1 - ИМЯ ЛИЦА - АЛЬТЕРНАТИВНАЯ ОТВЕТСТВЕННОСТЬ
Начальный элемент ввода Веролайнен
Часть имени, кроме начального элемента ввода Г.
Расширение инициалов личного имени Георгий
702 #1 - ИМЯ ЛИЦА - ВТОРИЧНАЯ ОТВЕТСТВЕННОСТЬ
Начальный элемент ввода Дроморецкая
Часть имени, кроме начального элемента ввода В.
Расширение инициалов личного имени Виктория
Код отношения Карикатурист, Художник
942 ## - ДОПОЛНИТЕЛЬНЫЕ ЭЛЕМЕНТЫ ЗАПИСИ (АБИС)
Тип экземпляра АБИС Книга
980 ## - КОЛЛЕКЦИЯ
Название коллекции Национальная библиография
Экземпляры
Тип экземпляра Дата поступления Источник поступления Стоимость Библиотека постоянного хранения Библиотека текущего хранения Место хранения Шифр хранения Штрих-код Статус экземпляра
Книга 11.11.2022 Обязательный экземпляр 0.00 РНБ (Московский) РНБ (Московский) Русский книжный фонд: издания с 1957 года 2022-7/8382 1-4044211  
Книга 11.11.2022 Обязательный экземпляр 0.00 РНБ (Московский) РНБ (Московский) Обменный фонд   1-4044218